Largest US Cities in History Quiz Stats

 Plays Quiz Updated Jan 29, 2019

Challenge
Share
Tweet
Embed
Score 0/30 Timer 05:00
28 Plays Today
Population % City % Correct
5.64%New York
99.7%
1.40%Los Angeles
96%
2.75%Chicago
94.3%
0.74%Boston
92.4%
1.80%Philadelphia
88.7%
0.42%Dallas
87.9%
0.52%San Francisco
87.1%
0.70%Houston
86.5%
0.53%Washington
81%
1.28%Detroit
80%
0.31%Seattle
76.2%
0.45%San Diego
74.3%
0.58%Pittsburgh
71%
0.60%New Orleans
70.9%
0.78%St. Louis
70.4%
Population % City % Correct
0.73%Baltimore
69.5%
0.75%Cleveland
69.4%
0.47%Phoenix
67.2%
0.43%San Antonio
61.8%
0.54%Cincinnati
57.1%
0.37%Indianapolis
55.8%
0.38%Minneapolis
55.3%
0.33%Kansas City, MO
53.3%
0.48%Buffalo
51.6%
0.31%Memphis
48.1%
0.47%Milwaukee
44.9%
0.39%Newark
41.2%
0.32%San Jose
39.9%
0.42%Charleston, SC
37.7%
1.28%Brooklyn
24.4%

You're not logged in!

Compare scores with friends on all Sporcle quizzes.
OR
Log In

You Might Also Like...

Show Comments

Extras

Top Quizzes Today


Score Distribution

Your Account Isn't Verified!

In order to create a playlist on Sporcle, you need to verify the email address you used during registration. Go to your Sporcle Settings to finish the process.

Report this User

Report this user for behavior that violates our Community Guidelines.

Details: